| 000 | 01996nam0a22003251 4500 | ||
|---|---|---|---|
| 001 | v19\rc\1698324 | ||
| 005 | 20250619025927.0 | ||
| 035 | _a(NLR Aleph) 004800729 | ||
| 090 |
_a4826217 _c4826217 |
||
| 100 | _a20061002e18981898|||y0rusy50 ca | ||
| 101 | 0 | _arus | |
| 102 | _aRU | ||
| 105 | _aa z ||||| | ||
| 200 | 1 |
_aГеологическое описание Юго-восточной четверти 13-го листа VII-го ряда и Северо-восточной четверти 13-го листа VIII-го ряда десятиверстной топографической карты Томской губернии _e(Листы Колывань и Бердское) _fА.Н. Державин |
|
| 210 |
_aСанкт-Петербург _cтипо-лит. К. Биркенфельда _d1898 |
||
| 215 |
_a30 с. _cил. _d25 |
||
| 300 | _aОбл. на рус. и фр. яз.; рез. на фр. яз. | ||
| 311 | _aОтт. из "Тр. Геол. части. КЕИВ [Каб. его имп. вел.]" Т. 3, вып. 1 | ||
| 488 | 0 |
_12001#$aТруды Геологической части Кабинета его императорского величества$vТ. 3, вып. 1 _tТруды Геологической части Кабинета его императорского величества |
|
| 532 | 1 | 1 | _aГеологическое описание Юго-восточной четверти тринадцатого листа VII-го ряда и Северо-восточной четверти 13-го листа VIII-го ряда десятиверстной топографической карты Томской губернии |
| 700 | 1 |
_aДержавин _bА.Н. _f1857- _gАлексей Николаевич |
|
| 801 | 0 |
_aRU _bNLR _gpsbo |
|
| 801 | 0 |
_aRU _bRuMoRGB _2psbo |
|
| 801 | 1 |
_aRU _bProSoft-M _2rusmarc |
|
| 852 |
_aNLR _j20.99.3.312 |
||
| 899 |
_aRuMoRGB _jA 249/581 |
||
| 899 | _aБАН | ||
| 942 | _cBOOK | ||
| 980 | _aNB | ||